valencias de los elementos principales 2.0 - Estadísticas

Estadísticas generales
  • Esta prueba ha sido intentada 50 veces
    19 desde el último reinicio
  • La puntuación promedio es 15 de 55
Estadísticas de respuestas
Hint Respuesta % Correcto
Ra +2
63%
K +1
50%
Cs +1
50%
Ag +1
50%
Be +2
50%
S -2 +2 +4 +6
50%
Co +2 +3
50%
Li +1
38%
Na +1
38%
Rb +1
38%
Fr +1
38%
Cl -1 +1 +3 +5 +7
38%
I -1 +1 +3 +5 +7
38%
Hg +1 +2
38%
Ca +2
38%
Cd +2
38%
Mn +2 +3 +4 +6 +7
38%
Sn +2 +4
38%
Pt +2 +4
38%
Pd +2 +4
38%
C -4 +2 +4
38%
H -1
25%
Cu +1 +2
25%
Au +1 +3
25%
Mg +2
25%
Sr +2
25%
Ba +2
25%
Zn +2
25%
Fe +2 +3
25%
Ni +2 +3
25%
N (óxidos neutros) +2 +4
25%
Al +3
25%
Ga +3
25%
B +3
25%
N -3 +1 +3 +5
25%
P -3 +3 +5
25%
As -3 +3 +5
25%
Zr +4
25%
F -1
13%
Br -1 +1 +3 +5 +7
13%
Tl +1 +3
13%
O -2
13%
C (óxidos neutros) +2
13%
Pb +2 +4
13%
Se -2 +4 +6
13%
Te -2 +4 +6
13%
In +3
13%
Sc +3
13%
Y +3
13%
Bi +3
13%
Sb -3 +3 +5
13%
V +3 +5
13%
Si -4 +2 +4
13%
Ge -4 +2 +4
13%
Cr +2 +3 +6
0%
No se encontraron pruebas coincidentes
Distribución de puntuación
Porcentaje de gente con cada puntuación
Porcentaje por número respondido
Historial de tus puntuaciones
No has intentado esta prueba desde el último reinicio